LIBRARY ONLINE CATALOGUE

Reflective institutions : (Record no. 8508)

MARC details
000 -LEADER
fixed length control field 00875cam a22002412 4500
001 - CONTROL NUMBER
control field 0000013269
005 - DATE AND TIME OF LATEST TRANSACTION
control field 20151217152125.0
008 - FIXED-LENGTH DATA ELEMENTS--GENERAL INFORMATION
fixed length control field 090722s xx 000 0 eng d
020 ## - INTERNATIONAL STANDARD BOOK NUMBER
International Standard Book Number 2831701484
040 ## - CATALOGING SOURCE
Original cataloging agency KABU
Transcribing agency KABU
110 2# - MAIN ENTRY--CORPORATE NAME
Corporate name or jurisdiction name as entry element International Union for Conservation of Nature and Natural Resources.
-- 0000161908
245 10 - TITLE STATEMENT
Title Reflective institutions :
Remainder of title eight characteristics of institutions that encourage and respond to learning by doing /
Statement of responsibility, etc. prepared by Eric Dudley and Alejandro Imbach.
250 ## - EDITION STATEMENT
Edition statement 1st ed.
260 ## - PUBLICATION, DISTRIBUTION, ETC. (IMPRINT)
Place of publication, distribution, etc. Cambridge, UK :
Name of publisher, distributor, etc. IUCN,
Date of publication, distribution, etc. 1997.
300 ## - PHYSICAL DESCRIPTION
Extent 21 p.
650 #0 - SUBJECT ADDED ENTRY--TOPICAL TERM
Topical term or geographic name as entry element Management.
-- 0000083920
650 #0 - SUBJECT ADDED ENTRY--TOPICAL TERM
Topical term or geographic name as entry element Organizational behavior.
-- 0000150790
700 1# - ADDED ENTRY--PERSONAL NAME
Personal name Dudley, Eric.
-- 0000170424
700 1# - ADDED ENTRY--PERSONAL NAME
Personal name Imbach, Alejandro.
-- 0000170425
852 1# - LOCATION
-- p100 KES
908 ## - PUT COMMAND PARAMETER (RLIN)
Put command parameter 090722
950 ## - LOCAL HOLDINGS (RLIN)
-- 1
Holdings
Withdrawn status Lost status Source of classification or shelving scheme Not for loan Home library Current library Date acquired Total Checkouts Full call number Barcode Date last seen Price effective from Koha item type
    Library of Congress Classification   Kabarak, Main Campus Kabarak, Main Campus 17/12/2015   HD58.7 .I58 1997 c. 1 17974 02/08/2024 17/12/2015 General Collection